000 00446nam a22001817a 4500
003 MPLRDC
005 20220104113815.0
008 210129b ||||| |||| 00| 0 eng d
020 _a7-5432-0828-8
082 _a802.35 SLM
100 _a沈龙明编著
245 _a卡通成语词典
_c
250 _a一版二刷
260 _a中国
_b汉语大词典出版社
_c2003
300 _b361
650 _a成语字典
942 _cBK
_o802.35 SLM
999 _c2511
_d2501